مرثیے کی سماجیات / (Record no. 108110)

MARC details
000 -LEADER
fixed length control field 00857nam a22002537a 4500
005 - DATE AND TIME OF LATEST TRANSACTION
control field 20170123162335.0
010 ## - LIBRARY OF CONGRESS CONTROL NUMBER
LC control number A-645478
020 ## - INTERNATIONAL STANDARD BOOK NUMBER
Terms of availability 60.00
035 ## - SYSTEM CONTROL NUMBER
System control number A-645478
037 ## - SOURCE OF ACQUISITION
Source of stock number/acquisition Cen Lib/Ret
040 ## - CATALOGING SOURCE
Original cataloging agency DPL
Language of cataloging UR
082 ## - DEWEY DECIMAL CLASSIFICATION NUMBER
Classification number 841.08
Item number م ح م
100 ## - MAIN ENTRY--PERSONAL NAME
Personal name محمّد عقیل رضوی
9 (RLIN) 376
245 ## - TITLE STATEMENT
Title مرثیے کی سماجیات /
Statement of responsibility, etc محمّد عقیل رضوی
246 ## - VARYING FORM OF TITLE
Title proper/short title Mersiye ki samajiyat /
Remainder of title by Mohammad Aquil Rizvi
260 ## - PUBLICATION, DISTRIBUTION, ETC. (IMPRINT)
Place of publication, distribution, etc الہآباد
Name of publisher, distributor, etc نصرت پبلیکیشنز
Date of publication, distribution, etc 1993
270 ## - ADDRESS
City الہآباد
Address امینآباد
Postal code 226018
300 ## - PHYSICAL DESCRIPTION
Extent 208p.
Dimensions 21cm(Hb)
650 ## - SUBJECT ADDED ENTRY--TOPICAL TERM
Topical term or geographic name as entry element ادب - اردو
9 (RLIN) 123941
650 ## - SUBJECT ADDED ENTRY--TOPICAL TERM
Topical term or geographic name as entry element اردو شاعری - تنقید
9 (RLIN) 107857
650 ## - SUBJECT ADDED ENTRY--TOPICAL TERM
Topical term or geographic name as entry element Literature -- Urdu
9 (RLIN) 123942
650 ## - SUBJECT ADDED ENTRY--TOPICAL TERM
Topical term or geographic name as entry element Urdu poetry -- Criticism
9 (RLIN) 107865
942 ## - ADDED ENTRY ELEMENTS (KOHA)
Source of classification or shelving scheme Dewey Decimal Classification
Koha item type Urdu Bks
Classification part 841.08
Call number suffix م ح م
Holdings
Withdrawn status Lost status Damaged status Not for loan Home library Current library Date acquired Source of acquisition Cost, normal purchase price Total Checkouts Full call number Barcode Date last seen Copy number Cost, replacement price Price effective from Koha item type
        Central Library Central Library 14/01/2016 Cen Lib/Ret 60.00   841.08 م ح م A-645478 14/01/2016 1 60.00 14/01/2016 Urdu Bks

© Delhi Public Library
Hit Counter
free hit counter